[Event "ESP-ch Gp B"]
[Site "Cala Mendia"]
[Date "2001.11.19"]
[Round "3"]
[White "Arizmendi Martinez, Julen Luis"]
[Black "San Segundo Carrillo, Pablo"]
[Result "0-1"]
[WhiteElo "2503"]
[BlackElo "2528"]
[Annotator "Gershon,A"]
[PlyCount "102"]
[EventDate "2001.11.17"]
[EventType "tourn"]
[EventRounds "5"]
[EventCountry "ESP"]
[EventCategory "10"]
[SourceTitle "CBM 086"]
[Source "ChessBase"]
[SourceDate "2002.02.05"]
[SourceVersion "1"]
[SourceVersionDate "2002.02.05"]
[SourceQuality "1"]

1. e4 c5 2. Nf3 Nc6 3. Bb5 e6 4. O-O Nge7 5. c3 a6 6. Ba4 b5 7. Bc2 Bb7 8. Qe2
d5 (8... Ng6 9. d4 cxd4 10. cxd4 Nh4 (10... Rc8 11. Rd1 Be7 12. a4 Nb4 13. Bb3
bxa4 14. Bxa4 O-O 15. Nc3 d5 16. e5 Qb6 17. Bg5 Bxg5 18. Nxg5 h6 19. Nf3 Rc7
20. Bc2 Bc6 21. Bb1 Rb8 22. h4 Bb5 23. Qe3 $14 {1/2-1/2 Potkin,V-Sveshnikov,E/
Elista RUS 2001/The Week in Chess 339 (57)}) 11. Nbd2 Rc8 12. d5 Ne5 13. Bb3 (
13. Nd4 Bd6 14. N2b3 Nc4 {1/2-1/2 Degraeve,J-Bacrot,E/Marsailles FRA 2001/The
Week in Chess 355 (14)}) 13... Nexf3+ 14. Nxf3 Nxf3+ 15. Qxf3 Bd6 16. Bf4 Bxf4
17. Qxf4 O-O 18. Rad1 $14 (18. d6 Qb6 {[%cal Gb6d4]} 19. Rad1 Qc5 $11)) 9. e5
Qb6 (9... d4 10. Be4 Ng6 11. cxd4 cxd4 12. d3 Be7 13. Nbd2 (13. a4 O-O 14. Na3
Qb6 15. Bd2 Rfc8 16. Rfc1 h6 17. Qe1 Nf8 18. axb5 axb5 19. Nc2 Rxa1 20. Nxa1
Ra8 21. Nb3 Ra4 22. h3 $13 {1/2-1/2 Zhang Zhong-Wu Wenjin/HeiBei CHN 2001/The
Week in Chess 351 (73)}) 13... Qd7 (13... Qc7 14. Nb3 O-O 15. Bd2 Rfc8 16. Rac1
Qb6 17. h4 $36 {1-0 Smirin,I-Krasenkow,M/Dos Hermanas ESP 2001/The Week in
Chess 337 (72)}) 14. Nb3 Rd8 15. Bd2 Nb4 16. Nfxd4 Nc6 17. Nf3 Nb4 18. Bxb7
Qxb7 19. d4 O-O 20. Rfc1 Qd5 21. Nc5 Nc6 22. Be3 $16 {1-0 Smirin,I-Finegold,B/
Philadelphia USA 2001/The Week in Chess 351 (53)}) 10. Rd1 d4 11. cxd4 $2 {
white has probably missed black's 13th move} (11. Be4 $142 {was calling for})
11... Nxd4 12. Nxd4 cxd4 {I don't see why should white have any advantage here.
the a8-h1/^ is by no means a weaker card than white's b1-h7/^, whereas black
seems to be leading in development.} 13. Be4 d3 $5 14. Bxd3 (14. Qxd3 Rd8 15.
Qe2 Bxe4 16. Qxe4 Rd4 17. Qe2 Ng6 {would've given black strong positional
compensation for the sacrafised P.}) 14... Nc6 {[%csl Re5][%cal Gc6d4,Yc6e5]}
15. Be4 Rd8 16. d3 (16. d4 {is of no savious as well} Nxd4 17. Qe1 Bc5 $15)
16... Nd4 17. Qe3 Bc5 $44 {[%cal Yd4c2] the 'd3' P is doing more harm than
good for white.} 18. b4 $1 {both developing a two pieces and reducing black's
attacking potential with a cost of a pawn} (18. Bxb7 Qxb7 $17) 18... Bxb4 19.
Ba3 Bxa3 20. Nxa3 Qc7 {of course black is still better} 21. Rac1 Qd7 22. Nc2
Bxe4 23. Qxd4 ({although} 23. Qxe4 $142 O-O 24. Nxd4 Qxd4 25. Qxd4 Rxd4 26. Rc6
Ra4 27. Rd2 Rd8 {is better for black, it should've been preferred over the text
}) 23... Qxd4 24. Nxd4 Rxd4 25. dxe4 Rxd1+ 26. Rxd1 Ke7 27. g3 (27. Rd6 $4 Rd8
$19) 27... Rd8 28. Rc1 Rd4 29. Rc7+ Ke8 30. Ra7 Ra4 31. Ra8+ Ke7 32. Ra7+ Kd8 (
32... Ke8 $11) 33. Rxf7 Rxa2 34. Rxg7 b4 {it's not the amount of pawns but
their placement that count in R endings. Black is clearly first here.} 35. Rb7
{now white holds the P's for a while, but his own pawns are not running nearly
as fast as without the 'h7' P.} (35. Rxh7 b3 36. Rb7 b2 37. Kg2 Kc8 $1 {
gaining the vitally important tempo} (37... a5 38. h4 a4 39. h5 a3 40. h6 Ra1)
38. Rb6 Kc7 39. Rb3 {now the R is placed on black's 'a' P route, whicih gives
him the win} a5 40. h4 a4 41. Rb4 a3 42. h5 Ra1 43. h6 a2 44. Rxb2 Rg1+ $19)
35... a5 36. f4 Re2 $1 37. f5 (37. Rb5 a4 38. Rxb4 a3 39. Ra4 a2 $19) 37...
exf5 38. exf5 Rxe5 39. f6 (39. Rxh7 Rxf5 40. Rb7 Kc8 {is winning easily}) 39...
Rf5 40. f7 Kc8 41. Rb5 (41. Re7 b3 42. Re8+ Kc7 43. f8=Q Rxf8 44. Rxf8 b2 45.
Rf7+ (45. Rf1 a4 $19) 45... Kc6 46. Rf6+ Kc5 47. Rf5+ Kb4 48. Rf4+ Kb3 49. Rf3+
Ka2 50. Rf2 Ka1 $19) 41... Rxf7 42. Rxa5 b3 43. Ra1 (43. Rb5 $2 Rb7 $19) 43...
Kc7 {[%csl Rg1][%cal Gf7f1]} 44. Kg2 (44. Rb1 Rf3 45. Kg2 Rc3 46. Kf2 Kc6 47.
Ke2 Kc5 48. Kd2 Rc2+ 49. Kd3 Kb4 $19) 44... Kc6 45. Rb1 Rb7 46. Kf3 Kd5 47. Kg4
(47. Ke3 Kc4 48. Kd2 Rd7+ $19) 47... Ke4 48. Kh5 b2 49. Kh6 Kf3 50. h4 Kg4 51.
h5 Rb6+ {very smooth endgame technique by San Segundo!} 0-1

[Event "Subotica 21st Century"]
[Site "Subotica"]
[Date "2000.12.21"]
[Round "4"]
[White "Sedlak, Nikola"]
[Black "Shariyazdanov, Andrey"]
[Result "0-1"]
[WhiteElo "2423"]
[BlackElo "2582"]
[Annotator "Gershon,A"]
[PlyCount "84"]
[EventDate "2000.12.18"]
[EventType "tourn"]
[EventRounds "10"]
[EventCountry "YUG"]
[EventCategory "10"]
[SourceTitle "CBM 081"]
[Source "ChessBase"]
[SourceDate "2001.03.20"]
[SourceVersion "1"]
[SourceVersionDate "2001.03.20"]
[SourceQuality "1"]

1. e4 c5 2. Nf3 Nc6 3. Nc3 e5 4. Bc4 Be7 5. d3 d6 6. Nd2 Nf6 7. Nf1 Bg4 8. f3
Be6 9. Ne3 O-O (9... a6 10. a3 b5 11. Ba2 Bxa2 12. Rxa2 O-O 13. O-O Ne8 14.
Ncd5 Bg5 15. b4 Nc7 16. Nxc7 Qxc7 17. Nd5 Qd8 18. Bxg5 Qxg5 19. Qc1 Qd8 20. Qe3
Nd4 21. c3 Ne6 22. a4 $14 {1/2-1/2 Macieja,B-Jakubiec,A/Zakopane chT 2000/The
Week in Chess 310 (76)}) 10. O-O (10. a3 Ne8 11. O-O Nc7 12. Ned5 Bxd5 13. Nxd5
Nxd5 14. Bxd5 Bg5 15. c3 Bxc1 16. Qxc1 Qb6 17. f4 Ne7 18. Bc4 exf4 19. Qxf4 Kh8
20. Kh1 f6 21. Qd2 Rad8 22. Rae1 d5 23. exd5 Nxd5 24. Qf2 Qc7 25. Qf3 Ne7 26.
Qh5 Ng6 27. Re4 Ne5 $11 {1/2-1/2 David,A-Rogozenko,D/Neukoelln GER 2000/The
Week in Chess 284 (51)}) 10... a6 (10... Ne8 11. Ned5 (11. Bd2 Bg5 12. g3 Bxe3+
13. Bxe3 Nf6 14. Qd2 Nd4 15. Bxe6 fxe6 16. Kg2 Qe8 17. Rf2 Qg6 18. Raf1 Qe8 19.
Nd1 Qd7 20. h3 Rf7 21. f4 exf4 22. Bxf4 Raf8 23. g4 d5 24. Be5 Nc6 25. Bxf6
Rxf6 26. Rxf6 Rxf6 27. Rxf6 gxf6 28. Nf2 Kg7 29. g5 $14 {1-0 Shirov,
A-Sveshnikov,E/Tallinn EST 2000/The Week in Chess 273 (83)}) (11. f4 $5 exf4
12. Rxf4 Bg5 13. Rf1 Nc7 14. Ned5 Bxc1 15. Rxc1 Ne7 16. Nxc7 Qxc7 17. Qh5 Ng6
18. Rf2 Qb6 $6 19. Bb3 Ne5 20. Nd5 Bxd5 21. Bxd5 g6 22. Qg5 Qxb2 23. Rcf1 Qb6
24. h4 $40 {1-0 Blehm,P-Gershon,A/Yerevan 1999/CBM 72 ext (44)}) 11... Bg5 12.
f4 exf4 13. Bxf4 Ne5 14. Qd2 Bxf4 15. Qxf4 Nc7 16. Bb3 Nxd5 17. Bxd5 Ng6 18.
Qg3 Qd7 19. Rf2 Ne7 20. Bb3 b5 21. Raf1 Rae8 22. Bxe6 fxe6 23. e5 $14 {1/2-1/2
Fressinet,L-Bekker Jensen,S/Brussels BEL 2000/The Week in Chess 309 (41)}) (
10... Rb8 11. a3 Nd4 (11... a6 12. Ncd5 b5 13. Ba2 Nd7 14. c3 Bg5 15. g3 Bxe3+
16. Bxe3 Ne7 17. Bg5 Bxd5 18. Bxd5 h6 19. Bxe7 Qxe7 20. Rf2 Nb6 21. Ba2 Rbd8
22. f4 d5 {1/2-1/2 Arizmendi Martinez,J-San Segundo Carrillo,P/Barcelona ESP
2000/The Week in Chess 301 (22)}) 12. Ba2 b5 13. Ncd5 Nxd5 14. Nxd5 Bg5 15.
Bxg5 Qxg5 16. c3 Nc6 17. b4 Qd8 18. f4 Ne7 19. Nxe7+ Qxe7 20. f5 Bxa2 21. Rxa2
f6 22. a4 d5 $5 23. Qb3 c4 24. Qc2 d4 25. axb5 cxd3 26. Qxd3 dxc3 27. Qxc3 Rxb5
28. Qc4+ Qf7 $11 {1/2-1/2 Emms,J-San Segundo Carrillo,P/Mondariz ESP 2000/The
Week in Chess 305 (36)}) 11. a3 Nd7 (11... b5 12. Ba2 Ne8 13. Ned5 Bg5 14. f4
exf4 15. Bxf4 Bxf4 16. Rxf4 b4 17. axb4 cxb4 18. Ne2 Ne7 19. Ng3 Bxd5 20. Bxd5
Nxd5 21. exd5 a5 22. Qf3 $14 {[%csl Re8,Rf7] 1-0 Lutz,C-Krasenkow,M/Saint
Vincent ITA 2000/The Week in Chess 296 (44)}) 12. Ncd5 {Allows black echange
his bad B for a N, which is important in fighting for the 'd5' square.} (12.
Ned5 b5 13. Bb3 {[%cal Gf3f4]} b4 $140 (13... Nd4 14. Ba2 b4 15. axb4 cxb4 16.
Nxb4 Nxf3+ 17. Qxf3 Qb6+ 18. Be3 Qxb4 19. Nd5 Bxd5 20. Bxd5 $18 {[%csl Rf7]})
14. axb4 cxb4 15. Ba4 Rc8 (15... bxc3 16. Bxc6 cxb2 17. Bxb2 $14 {[%csl Ra6]})
16. Bxc6 Rxc6 17. Nxb4 $1 Qb6+ 18. d4 Qxb4 19. d5 Qb6+ 20. Kh1 Rcc8 21. Qe2 $14
) 12... Bg5 13. g3 Bxe3+ 14. Bxe3 Kh8 {[%cal Gf7f5,Ya2g8] Moving the king away
form the diagonal in case of a future f7-f5} 15. c3 Ne7 $11 16. Nxe7 Qxe7 17.
Bxe6 Qxe6 18. d4 $2 {White did not correctly assess the engame arising by
force after this move} (18. Qe2 $142 {[%cal Ga1e1]}) (18. b4 $5) 18... exd4 19.
cxd4 f5 $1 20. dxc5 $8 (20. Qd3 fxe4 21. fxe4 Rxf1+ 22. Rxf1 Re8 $15 {[%cal
Gd7f6] /-/+}) 20... dxc5 21. Qd5 Qxd5 22. exd5 {Although this position doesn't
look bad for white at a first sight, the 'd3' square for black's N yields his
the edge!} Rae8 23. Rfe1 (23. Kf2 Ne5 24. Rfd1 c4 {[%csl Gd3]} 25. Bd4 (25. Bc5
Rf7 {[%csl Rb2,Rc5][%cal Ye5d3]} 26. Bb6 Nd3+ 27. Kf1 Nxb2 $17) 25... Nd3+ 26.
Kf1 Rd8 $17) 23... Ne5 24. Bxc5 {Giving up a pawn, hoping to expoit the strong
'd' pawn.} (24. Red1 $142 $5 Nxf3+ 25. Kf2 Nxh2 26. Bxc5 Rf7 27. Re1 {would
ahve given white more compensation since black has to care about his last rank
now.}) 24... Nxf3+ 25. Kh1 Nxe1 26. Bxf8 Nd3 27. Bb4 Rd8 28. Bc3 Rxd5 {[%csl
Ra1,Gd3] The winning plan is now pretty simple... push the K side pawns, white
can do nothing about it} 29. Kg2 Kg8 30. b4 Kf7 31. Rf1 g5 32. Rf3 h5 {White's
pieces are too passive} 33. h3 f4 {[%cal Gf7g6,Gg6f5,Gf5e4,Yg5g4]} 34. Rf1 Kg6
35. Kf3 fxg3 36. Kxg3 Nf4 {[%csl Rc3][%cal Gf4e2]} 37. Rf3 h4+ 38. Kf2 Rd1 {
[%csl Rh3][%cal Gd1h1]} 39. Re3 Rd3 (39... Rh1 40. Be5) 40. Rxd3 Nxd3+ 41. Kg2
Nf4+ 42. Kh2 b5 {[%csl Ra3,Rb4][%cal Yg5g4]} 0-1

[Event "Hastings 0001 76th"]
[Site "Hastings"]
[Date "2000.12.30"]
[Round "2"]
[White "Aronian, Levon"]
[Black "Beshukov, Sergei"]
[Result "1-0"]
[WhiteElo "2551"]
[BlackElo "2428"]
[Annotator "Gershon,A"]
[PlyCount "54"]
[EventDate "2000.12.29"]
[EventType "tourn"]
[EventRounds "9"]
[EventCountry "ENG"]
[EventCategory "12"]
[SourceTitle "CBM 081"]
[Source "ChessBase"]
[SourceDate "2001.03.20"]
[SourceVersion "1"]
[SourceVersionDate "2001.03.20"]
[SourceQuality "1"]

1. e4 c5 2. Nf3 Nc6 3. Nc3 e6 4. Bb5 Nd4 5. O-O Ne7 6. Nxd4 cxd4 7. Ne2 a6 8.
Ba4 Nc6 (8... b5 9. Bb3 Nc6 10. d3 Be7 11. f4 O-O 12. f5 Na5 13. Nf4 Nxb3 14.
axb3 exf5 15. exf5 Bb7 16. Nh5 f6 17. Qg4 Rf7 18. Qxd4 $16 {1-0 Yudasin,
L-Moiseenko,A/Krynica 1997/CBM 62 (57)}) 9. d3 g6 (9... b5 10. Bb3 Bc5 11. Ng3
(11. f4 Qh4 12. Ng3 Bb7 13. Qh5 Be7 14. f5 g6 15. Qxh4 Bxh4 16. Bh6 Bxg3 17.
hxg3 gxf5 18. exf5 Rg8 19. fxe6 dxe6 20. Bf4 $11 {1/2-1/2 Westerinen,H-Gausel,
E/Gentofte 1999/CBM 73 no vc (24)}) 11... h5 $5 12. Bd2 Bb7 13. h3 g6 14. a3 f5
15. exf5 gxf5 16. Re1 Qf6 17. Nxh5 Qh4 18. Ng7+ Kf8 19. Nxf5 exf5 20. Qf3 $44 {
1/2-1/2 Sadvakasov,D-Perunovic,M/Subotica YUG 2000/The Week in Chess 321 (28)})
(9... Bc5 10. Ng3 h5 11. Bxc6 dxc6 12. e5 g6 13. Ne4 Be7 14. Qf3 Rh7 15. b4 h4
16. g4 $1 h3 17. Qf4 b6 18. Nd6+ Bxd6 19. exd6 $16 {1/2-1/2 Ovetchkin,R-Ivanov,
V/St Petersburg 1999/CBM 74 (53)}) 10. Bxc6 $5 {An interesting decision.
Usually white tries to do the opposite, close the position. Personally, I
would wait with this capture.} (10. f4 b5 11. Bb3 $14) 10... dxc6 11. Bd2 Bg7
12. c3 dxc3 $2 {Playing to white's hands. The idea behind white's 10th move
was to try and expoit the weakenned black squares.} (12... e5 $142 13. f4 (13.
cxd4 exd4 14. Bb4 b6 $15) 13... Bg4 14. fxe5 Bxe5 $11) (12... c5 $5) 13. Bxc3
e5 14. f4 {Now white gets the center, and development advantage which promises
his good initiative.} Qe7 (14... f6 15. fxe5 fxe5 16. Qb3 Qe7 17. Qb6 $14) 15.
fxe5 Bxe5 16. d4 Bg7 17. Qd2 $1 {Preventing black from castling. This plan is
what black probably missed while taking on 'c3'. White does not defend the
pawn, but is playing for the initiative.} Qxe4 {"If you are bound to suffer,
at least do it for a pawn"} (17... O-O 18. Bb4 $16) 18. Rae1 O-O (18... Qe7 19.
Nf4 Be6 20. Bb4 ({but not} 20. d5 $2 Qc5+ 21. Kh1 Bxc3 22. bxc3 O-O-O $17)
20... Qd7 21. Nxe6 fxe6 22. Rxe6+ Qxe6 23. Re1 $18) 19. Nf4 Qf5 20. d5 $1 {
Of course! weaken the K.A typical Aronian style!} ({After} 20. Ne6 Bxe6 21.
Rxf5 Bxf5 {Black would be the one playing for the advantage.}) 20... Bxc3 (
20... cxd5 21. Nxd5 {[%csl Rf5][%cal Gd5e7]} Qh5 22. Ne7+ Kh8 23. Rxf7 $3 $18 {
[%cal Gd2d8]}) 21. Qxc3 Qg5 22. dxc6 bxc6 23. Qxc6 {Winning back the pawn with
a continuing attack. Black's dark squares are the most important factor in the
position} Bf5 $2 {The B should be placed on the long /^} (23... Rb8 24. Re8 (
24. Nd5 Bb7 25. Nf6+ Kg7 26. Qc2 Rbc8 $132) 24... Bf5 25. Rxf8+ Rxf8 26. Qxa6
$16) 24. Nd5 Rac8 25. Qd6 (25. Ne7+ $4 Qxe7 26. Rxe7 (26. Qxc8 Qa7+ $19) 26...
Rxc6 $19) 25... Rc2 $4 {A blunder in a bad position} (25... Kg7 26. Ne7 Rc2 27.
Nxf5+ gxf5 28. Rf2 {with huge advantage}) 26. Nf6+ Kg7 27. Qxf8+ $1 Kxf8 (27...
Kxf8 28. Nxh7+ Kg7 29. Nxg5 $18) 1-0

[Event "FIDE-Wch k.o."]
[Site "New Delhi/Teheran"]
[Date "2000.11.27"]
[Round "1.1"]
[White "Sutovsky, Emil"]
[Black "Nataf, Igor Alexandre"]
[Result "0-1"]
[WhiteElo "2609"]
[BlackElo "2526"]
[Annotator "Gershon,A"]
[PlyCount "92"]
[EventDate "2000.11.27"]
[EventType "k.o."]
[EventRounds "7"]
[EventCountry "IND"]
[SourceTitle "CBM 080"]
[Source "ChessBase"]
[SourceDate "2001.01.25"]
[SourceVersion "1"]
[SourceVersionDate "2001.01.25"]
[SourceQuality "1"]

{[%mdl 32768]} 1. e4 c5 2. Nf3 Nc6 3. Bb5 e6 4. Bxc6 bxc6 5. d3 Ne7 6. h4 h5 7.
Qe2 (7. Nbd2 Ng6 8. e5 f6 9. Nc4 $6 Ba6 10. Qe2 Bxc4 11. Qe4 Bxd3 12. Qxd3 Kf7
13. Rh3 c4 14. Qe2 c3 15. exf6 gxf6 16. bxc3 Qa5 $17 {0-1 Sambuev,B-Belikov,V/
Moscow 1998/EXT 2000 (31)}) (7. Nc3 Ng6 8. Ne2 e5 9. Bg5 f6 10. Be3 d5 11. c4
Bd6 12. cxd5 cxd5 13. exd5 Ne7 14. Nc3 Bb7 15. Qa4+ Qd7 16. Qxd7+ Kxd7 $15 {
1/2-1/2 Vasiukov,E-Zvjaginsev,V/Elista 1995/CBM 50 (25)}) 7... f6 (7... d6 8.
e5 d5 9. c4 Nf5 10. Bg5 f6 11. Bf4 Nd4 12. Nxd4 cxd4 13. Nd2 Bb4 14. O-O Bxd2
15. Bxd2 dxc4 16. Qe4 Qd7 17. Bb4 $1 Bb7 18. Bc5 cxd3 19. Qg6+ Qf7 20. Qxd3
fxe5 21. Rae1 $16 {[%csl Rb7,Gc5] 1-0 Langheinrich,F-Sebenik,M/Balatonlelle
HUN 2000/The Week in Chess 299 (41)}) (7... Ng6 8. e5 d6 (8... f6 $2 9. Qe4 Kf7
10. Rh3 Qc7 11. Ng5+ fxg5 12. Rf3+ Kg8 13. Qxg6 Qxe5+ 14. Kf1 gxh4 15. Bg5 $18
{1-0 Bezold,M-Volkmann,F/Austria 1999/EXT 2000 (22)}) 9. exd6 Bxd6 10. Nc3 e5
11. Ng5 Bg4 12. f3 Bf5 13. Be3 Rb8 14. O-O-O Qb6 15. b3 Qa5 16. Nce4 Be7 17.
Kb1 O-O 18. Ng3 $16 {1-0 Yudasin,L-Manca,F/Reggio Emilia ITA 2000 (28)}) (7...
d5 8. c4 Ng6 9. e5 Be7 10. Nc3 Bxh4 11. Nxh4 Nxh4 12. g3 Nf5 13. Rxh5 Kd7 14.
Na4 Nd4 15. Nxc5+ Kc7 $17 {0-1 Oratovsky,M-Greenfeld,A/Israel 1999/EXT 2000 
(27)}) 8. e5 fxe5 9. Qxe5 (9. Nxe5 d6 10. Nc4 Nf5 11. Bg5 Be7 12. Bxe7 Qxe7 13.
Nc3 e5 14. O-O-O Be6 15. Kb1 Rb8 16. Rde1 Nd4 17. Qd2 O-O $17 {0-1 Shabanov,
Y-Arkhipov,S/Smolensk RUS 2000/The Week in Chess 287 (61)}) 9... Nf5 10. Qe4 $5
$146 {White frees up the 'e5' square for the N, and takes the 'c6' P under
control so black cannot prevent the N from getting to e5} (10. Bg5 Be7 11. Nc3
d6 12. Qe2 Rb8 13. b3 e5 14. Ne4 O-O 15. c3 a5 $13 {0-1 Markovic,M-Perunovic,M/
Subotica YUG 2000/The Week in Chess (39)}) 10... Rb8 11. Ne5 $2 {A heavy
mistake.} (11. c3 {Looks much better, preventing black R from getting into the
game} Be7 12. Ne5 $14 Nxh4 $140 $4 13. Rxh4 Bxh4 14. Qg6+ Ke7 15. Qxg7+ Kd6 16.
Nf7+ $18) 11... Rb4 12. c4 d5 {Now the centralization of white Q turns out to
be a serious drawback. White is forced to waste two important tempi to get his
Q to..... its initial position!!} 13. Qf3 (13. Qe2 Nd4 14. Qd1 Qf6 $17) 13...
Qf6 $1 14. Nxc6 (14. Bf4 Nd4 $19) 14... Rb6 $1 (14... Rxb2 15. Bg5 Qf7 {
is much weaker than the game}) 15. Nxa7 (15. cxd5 exd5 16. Qe2+ Be7 17. Nxe7
Re6 18. Nxc8 Rxe2+ 19. Kxe2 O-O $1 $19) 15... Bb7 {[%cal Gd5c4,Yb7g2,Yf6a1]
It's not that white enjoyed so much cutting his N off the game white black was
developing his pieces, he simply didn't havwe any choice} 16. Qd1 (16. Qf4 {
[%cal Gf4b8]} Bd6 17. Qg5 dxc4 $1 (17... Qe5+ 18. Kd1 dxc4 19. Re1 Qd5 20. Nd2
$132) 18. Qxf6 (18. dxc4 Qe5+ 19. Kf1 (19. Kd1 Qd4+ 20. Nd2 (20. Qd2 Qxc4 $19 {
[%csl Ra7]}) 20... Qxf2 $19 {[%cal Gf5e3]}) 19... Rxb2 $19) 18... gxf6 19. dxc4
Nd4 20. Na3 Bxg2 $19) 16... dxc4 17. Bg5 (17. dxc4 Bxg2 18. Rg1 Qe5+ $19 {
[%cal Ge5h2]}) (17. Qa4+ Kf7 18. Qd7+ Kg8 19. Qc7 Rxb2 $1 $19) 17... Qe5+ $5 (
17... Qxb2 18. Nd2 cxd3 19. O-O Qa3 20. Nc4 Qxa7 21. Nxb6 Qxb6 22. Qxd3 Bd6 $17
) 18. Kf1 Qd5 $6 (18... Rxb2 19. Nd2 Qd5 20. Rh2 Qxd3+ {[%csl Ra7][%cal Gc4c2]
is stronger}) 19. Rh2 Bd6 20. Nc3 {Forcing an endgame. Although without the
ladies white's breathings seems to become easier the position is left hopeless!
} Qxd3+ 21. Qxd3 cxd3 22. Rh3 Rxb2 23. Nab5 c4 24. Nxd6+ Nxd6 $19 25. Re3 Kd7
26. Na4 Rb5 $1 27. Rae1 (27. Nc3 Ra5 $19 {[%cal Gd6f5,Gf5d4]}) 27... Re8 28.
Bf4 (28. Re5 Rxe5 29. Rxe5 Nf7 30. Rc5 Nxg5 31. Rxg5 Kd6 32. Rxg7 Bc6 33. Nb2
Kc5 34. Rc7 (34. Ke1 Kd4 $19) 34... Rb8 $19) 28... Bc6 $1 {[%csl Ra4]} 29. Nc3
Rb2 30. Re5 Rc2 31. Rc1 Rxc1+ 32. Bxc1 g6 (32... Nf5 $143 33. Rc5 Rc8 34. f3
Bb7 35. Rxc8 Bxc8 36. Bg5 $17) 33. f3 Nf5 34. Rc5 Bd5 $1 35. Bf4 (35. Nxd5 exd5
36. Rxd5+ Kc6 37. Ra5 Re2 $19) 35... Rc8 36. Ra5 Nxh4 37. Ra7+ Kc6 38. a4 Kc5
39. Bg5 Nf5 {The rest is an agony} 40. g4 hxg4 41. fxg4 Ng3+ 42. Ke1 Kb4 43.
Bd2 Kb3 44. Kd1 Rh8 45. a5 Rh1+ 46. Be1 Rxe1+ (46... Rxe1+ 47. Kxe1 Kxc3 {
[%cal Gd3d2,Yd5f3]}) 0-1